000 01037nam a22002897a 4500
003 CHAP
005 20220329135416.0
008 971013s1980 r 00010 d
010 _a35983
011 _a36955
035 _a41074
040 _cCHAP
082 _a651.8
_bM49
110 _aMéxico. Coordinación General de los Servicios Nacionales de Estadística, Geografía e Informática
_976893
245 _aCosto del proceso de adquisición en informática
260 _aMéxico, D.F. :
_bLa Coordinación,
_c1980
300 _a68 p.
_b; apénd.
590 _aBATCH-UPD
_b10
_c20130110
_lUCH01
_h2210
590 _aBATCH-UPD
_b10
_c20130410
_lUCH01
_h1513
590 _aBATCH-UPD
_b10
_c20130914
_lUCH01
_h1936
590 _aCONVERSION
_b10
_c20130109
_lUCH01
_h1320
650 1 4 _aProcesamiento automático de datos en administración pública.
_991749
650 1 4 _aProcesamiento automático de datos
_xCostos.
_991739
901 _aBK
942 _cLIBRO
949 _a651.8 M49
_bBC
_cLIBRO
_d33724000278495
_eLIBRO
_h67556
_i41074
_mD
_si
999 _c35983
_d35983